Бухгалтерская финансовая отчетность: формирование и анализ показателей: учебное пособие

التفاصيل البيبلوغرافية
المؤلف الرئيسي: Камысовская С. В. Светлана Васильевна
مؤلفون آخرون: Захарова Т. В. Татьяна Владимировна
الملخص:Учебное пособие содержит современные методики и методы анализа финансовой (бухгалтерской) отчетности, раскрывает порядок составления бухгалтерской отчетности организаций, дает построчный комментарий по заполнению каждой ее формы в соответствии с последними нормативными документами Минфина России, практическая реализация которых будет способствовать повышению качества менеджмента коммерческой организации, обоснованию оптимальной стратегии управления. Приведенная в пособии информация раскрывается как применительно к отечественной теории и практике и экономического содержания различных операций, так и с точки зрения учетных и экономических категорий МСФО, что способствует формированию у читателя целостного представления об особенностях этих двух видов учетных систем и определению вектора их сближения.Пособие разработано с целью подготовки бакалавров в области экономических наук, освоения студентами бакалавриата компетенций, установленных федеральными государственными стандартами третьего поколения, формирования теоретических и практических знаний в области составления финансовой отчетности, а также проведения анализа ее показателей в коммерческой организации.
اللغة:الروسية
منشور في: Москва, Инфра-М, 2014
سلاسل:Высшее образование. Бакалавриат
الموضوعات:
التنسيق: MixedMaterials كتاب
KOHA link:https://koha.lib.tpu.ru/cgi-bin/koha/opac-detail.pl?biblionumber=269425

MARC

LEADER 00000nam0a2200000 4500
001 269425
005 20231101234243.0
010 |a 9785911348199 
010 |a 978-5-16-009264-5 
035 |a (RuTPU)RU\TPU\book\292600 
090 |a 269425 
100 |a 20140918d2014 m y0rusy50 ca 
101 0 |a rus 
102 |a RU 
105 |a y j 001zy 
200 1 |a Бухгалтерская финансовая отчетность: формирование и анализ показателей  |e учебное пособие  |f С. В. Камысовская, Т. В. Захарова 
210 |a Москва  |c Инфра-М  |c Форум  |d 2014 
215 |a 431 с. 
225 1 |a Высшее образование. Бакалавриат 
320 |a Библиогр.: с. 426-427. 
330 |a Учебное пособие содержит современные методики и методы анализа финансовой (бухгалтерской) отчетности, раскрывает порядок составления бухгалтерской отчетности организаций, дает построчный комментарий по заполнению каждой ее формы в соответствии с последними нормативными документами Минфина России, практическая реализация которых будет способствовать повышению качества менеджмента коммерческой организации, обоснованию оптимальной стратегии управления. Приведенная в пособии информация раскрывается как применительно к отечественной теории и практике и экономического содержания различных операций, так и с точки зрения учетных и экономических категорий МСФО, что способствует формированию у читателя целостного представления об особенностях этих двух видов учетных систем и определению вектора их сближения.Пособие разработано с целью подготовки бакалавров в области экономических наук, освоения студентами бакалавриата компетенций, установленных федеральными государственными стандартами третьего поколения, формирования теоретических и практических знаний в области составления финансовой отчетности, а также проведения анализа ее показателей в коммерческой организации. 
606 1 |a Финансовая отчетность  |2 stltpush  |3 (RuTPU)RU\TPU\subj\67530  |9 83288 
610 1 |a экономика 
610 1 |a финансы 
610 1 |a бухгалтерский учет 
610 1 |a бухгалтерская отчетность 
610 1 |a МСФО 
610 1 |a международные стандарты 
610 1 |a российские стандарты 
610 1 |a бухгалтерский баланс 
610 1 |a прибыль 
610 1 |a затраты 
610 1 |a капитал 
610 1 |a денежные средства 
610 1 |a пояснительные записки 
610 1 |a консолидированная отчетность 
610 1 |a взаимосвязанные организации 
610 1 |a сегментарная отчетность 
610 1 |a инфляция 
610 1 |a экономический анализ 
610 1 |a учебные пособия 
675 |a 657.6(075.8)  |v 3 
700 1 |a Камысовская  |b С. В.  |g Светлана Васильевна 
701 1 |a Захарова  |b Т. В.  |g Татьяна Владимировна 
801 1 |a RU  |b 63413507  |c 20140918 
801 2 |a RU  |b 63413507  |c 20180821  |g RCR 
942 |c BK 
959 |a 127/20140908  |d 7  |e 399,90  |f ЧЗГЛ:1  |f АНЛ:1  |f УФ:5